| 000 | 00747nam a2200241Ia 4500 | ||
|---|---|---|---|
| 003 | OSt | ||
| 005 | 20251203131735.0 | ||
| 008 | 210716s2006 xx 000 0 und d | ||
| 020 | _a8183710204 | ||
| 040 | _cAIMIT LIBRARY | ||
| 041 | _aeng | ||
| 082 |
_a006.32 _21 _bSWAG |
||
| 100 |
_aSwamy, G N. _9247412 |
||
| 245 | _aProjects on neural networks / | ||
| 250 | _a1st | ||
| 260 |
_aNew Delhi : _bScitech Publications Pvt Ltd , _c2006. |
||
| 300 |
_a318p. ; _bPB _c24.7 cm |
||
| 650 |
_aECG classification using KOHNET _9247413 |
||
| 650 |
_aEstimation of box office revenue in matlab _9247414 |
||
| 650 |
_aPredicting gene sequences using E-Coli in java _9247415 |
||
| 700 |
_aKumar, G Vijay. _9247416 |
||
| 942 |
_2ddc _cBK _e1st _k006.32 SWAG |
||
| 999 |
_c187762 _d187762 |
||